Рубаи (Запись № 506680)

Подробности
000 -МАРКЕР
контрольное поле 01182nam0a2200325 4500
001 - ИДЕНТИФИКАТОР ЗАПИСИ
контрольное поле RU\NLR\bibl\92465
005 - ИДЕНТИФИКАТОР ВЕРСИИ
контрольное поле 20260406150213.0
010 ## - МЕЖДУНАРОДНЫЙ СТАНДАРТНЫЙ НОМЕР КНИГИ (ISBN)
Номер (ISBN) 5-04-003914-Х
Тираж 10000
021 ## - НОМЕР ГОСУДАРСТВЕННОЙ РЕГИСТРАЦИИ
Код страны российская федерация
Номер 2000-6913
Номер Листа государственной регистраци 346
035 ## - ДРУГИЕ СИСТЕМНЫЕ НОМЕРА
Идентификатор записи (NLR Aleph) 000090348
100 ## - ДАННЫЕ ОБЩЕЙ ОБРАБОТКИ
Данные общей обработки 20000615d1999 |||y0rusy50 ca
101 0# - ЯЗЫК РЕСУРСА
Язык текста, звукозаписи и т.д. русский
102 ## - СТРАНА ПУБЛИКАЦИИ ИЛИ ПРОИЗВОДСТВА
Страна публикации российская федерация
105 ## - ПОЛЕ КОДИРОВАННЫХ ДАННЫХ: ТЕКСТОВЫЕ МАТЕРИАЛЫ, МОНОГРАФИЧЕСКИЕ
Кодированные данные о монографическом текстовом документе a |||||||||
200 1# - ЗАГЛАВИЕ И СВЕДЕНИЯ ОБ ОТВЕТСТВЕННОСТИ
Основное заглавие Рубаи
Первые сведения об ответственности Омар Хайям
Последующие сведения об ответственности [Худож.: Павел Бунин]
210 ## - ПУБЛИКАЦИЯ, РАСПРОСТРАНЕНИЕ И ДР.
Место издания, распространения и т.д. М.
Имя издателя, распространителя и т. д. ЭКСМО-Пресс
Дата издания, распространения и т.д. 1999
215 ## - ФИЗИЧЕСКАЯ ХАРАКТЕРИСТИКА
Специфическое обозначение материала и объем 622 с.
Другие сведения о физической характеристике ил.
Размеры 20
225 1# - СЕРИЯ
Основное заглавие серии Зарубежная классика
423 #0 - ИЗДАЕТСЯ В ОДНОЙ ОБЛОЖКЕ ВМЕСТЕ С ...
Встроенное поле 2001#$aГазели$fХафиз
-- 210##$aМ.$cЭКСМО-Пресс$d1999
-- 215##$aс. 295-602$cил.
-- 700#0$aХафиз$fок.1325-1389$4070$3RU\NLR\auth\779070
Заглавие Газели
Автор Хафиз (ок.1325-1389)
686 ## - ИНДЕКСЫ ДРУГИХ КЛАССИФИКАЦИЙ
Индекс Ш5(0)952.314-4Омар Хайям
686 ## - ИНДЕКСЫ ДРУГИХ КЛАССИФИКАЦИЙ
Индекс Ш5(0)952.314-4Хафиз
700 #0 - ИМЯ ЛИЦА - ПЕРВИЧНАЯ ОТВЕТСТВЕННОСТЬ
Код отношения Автор
Материалы, к которым относится поле rus
Графика поля Кириллица
Начальный элемент ввода Омар Хайям
Даты 1048-1131
Идентификатор авторитетной/нормативной записи RU\NLR\AUTH\774823
Системный номер авторитетной/нормативной записи 114798
801 #0 - ИСТОЧНИК ЗАПИСИ
Страна российская федерация
Организация NLR
Дата составления 20000615
Правила каталогизации PSBO
801 #1 - ИСТОЧНИК ЗАПИСИ
Страна российская федерация
Организация NLR
Дата составления 20000615
852 ## - МЕСТОНАХОЖДЕНИЕ И ШИФР ХРАНЕНИЯ
Идентификатор организации NLR
Шифр хранения (Call Number) 2000-3/4726
942 ## - ДОПОЛНИТЕЛЬНЫЕ ЭЛЕМЕНТЫ ЗАПИСИ (АБИС)
Тип экземпляра АБИС Книга
980 ## - КОЛЛЕКЦИЯ
Название коллекции Национальная библиография
Экземпляры
Тип экземпляра Дата поступления Источник поступления Библиотека постоянного хранения Библиотека текущего хранения Место хранения Шифр хранения Штрих-код Статус не для выдачи
Книга 15.06.2000 Обязательный экземпляр РНБ (Московский) РНБ (Московский) Неопределен, для заказа не доступен, в ЭК виден Ю П(р)/Х-15 41710  
Книга 15.06.2000 Обязательный экземпляр РНБ (Московский) РНБ (Московский) Неопределен, для заказа не доступен, в ЭК виден Ю П(р)/Х-15 41711  
Книга 21.12.2004 Покупка РНБ (Фонтанка) РНБ (Фонтанка) Юношеский читальный зал Ю П(р)/Х-15 1-548845